Statistics for Finnish Animal Words

Click here to take the quiz!

General Stats

  • This quiz has been taken 11 times
  • The average score is 21 of 30

Answer Stats

HintAnswer% Correct
KameliCamel
91%
KissaCat
91%
KoiraDog
91%
LeopardiLeopard
91%
LeijonaLion
91%
KäärmeSnake
91%
KettuFox
82%
HevonenHorse
82%
KarhuBear
73%
LehmäCow
73%
NorsuElephant
73%
SammakkoFrog
73%
SiiliHedgehog
73%
PapukaijaParrot
73%
RottaRat
73%
PoroReindeer
73%
LammasSheep
73%
OravaSquirrel
73%
SusiWolf
73%
RapuCrab
64%
VuohiGoat
64%
IlvesLynx
64%
HiiriMouse
64%
JänisRabbit
64%
LohiSalmon
64%
MarsuGuineapig
55%
HirviMoose
55%
AhmaWolverine
55%
KatkarapuShrimp
45%
FrettiFerret
36%

Score Distribution

Percentile by Number Answered

Percent of People with Each Score

Your Score History

You have not taken this quiz